00933cam a22002651 4500001001300000003000400013005001700017008004100034010001700075035002000092040002000112042001200132043001200144050003000156110002600186245021200212250001200424260006000436300003000496500002700526650005000553700002700603700002000630999001700650sa 65010808 DLC20260227112211.0880202s1965 ii 000 0 eng  asa 65010808  a(OCoLC)19429371 aDLCcMnU-LdDLC apremarc aa-ii---00aKNU8232.A311916bA73 19651 aUttar Pradesh (India)12aA commentary on the U.P. municipalities act :bno. II of 1916 : as amended up to date including act 26 of 1964, with copious references to municipal manual /cby Beni Prasad Agarwala ; rev. by Radha Krishna. a5th ed. aAllahabad (India) :bRam Narain Lal Beni Prasad,c1965. axv, 288, xxv p. ;c25 cm. aAddenda slip inserted. 0aMunicipal corporationszIndiazUttar Pradesh.1 aAgarwala, Beni Prasad.1 aKrishna, Radha. c66956d66956